|
|
|
|
| LEADER |
00000nam0a2200000 4500 |
| 001 |
325188 |
| 005 |
20231102003735.0 |
| 035 |
|
|
|a (RuTPU)RU\TPU\book\350799
|
| 090 |
|
|
|a 325188
|
| 100 |
|
|
|a 20161130d1978 km y0rusy50 ca
|
| 101 |
0 |
|
|a rus
|
| 102 |
|
|
|a RU
|
| 105 |
|
|
|a a z 001zy
|
| 200 |
1 |
|
|a Физика планеты Марс
|f В. И. Мороз
|
| 210 |
|
|
|a Москва
|c Наука
|d 1978
|
| 215 |
|
|
|a 352 с.
|c ил.
|
| 320 |
|
|
|a Библиогр.: с. 322-351
|
| 606 |
1 |
|
|a Марс, планета
|2 stltpush
|3 (RuTPU)RU\TPU\subj\70088
|9 84620
|
| 610 |
1 |
|
|a астрономия
|
| 610 |
1 |
|
|a Солнечная система
|
| 610 |
1 |
|
|a физика
|
| 610 |
1 |
|
|a поверхность
|
| 610 |
1 |
|
|a атмосфера
|
| 610 |
1 |
|
|a внутреннее строение
|
| 610 |
1 |
|
|a климат
|
| 610 |
1 |
|
|a Фобос
|
| 610 |
1 |
|
|a Деймос
|
| 610 |
1 |
|
|a исследования
|
| 675 |
|
|
|a 523.41/.43
|v 4
|
| 700 |
|
1 |
|a Мороз
|b В. И.
|g Василий Иванович
|
| 801 |
|
1 |
|a RU
|b 63413507
|c 20161130
|
| 801 |
|
2 |
|a RU
|b 63413507
|c 20200710
|g RCR
|
| 942 |
|
|
|c BK
|